|
|
|
|
| LEADER |
01758nam a2200409 i 4500 |
| 001 |
EBC6809785 |
| 003 |
MiAaPQ |
| 005 |
20220816104730.0 |
| 006 |
m o d | |
| 007 |
cr cnu|||||||| |
| 008 |
220816s2022 nyu o 000 0 eng d |
| 020 |
|
|
|z 9781138210592
|q (print)
|
| 020 |
|
|
|a 9781315454924
|q (electronic bk.)
|
| 035 |
|
|
|a (MiAaPQ)EBC6809785
|
| 035 |
|
|
|a (Au-PeEL)EBL6809785
|
| 035 |
|
|
|a (OCoLC)1288214047
|
| 040 |
|
|
|a MiAaPQ
|b eng
|e rda
|e pn
|c MiAaPQ
|d MiAaPQ
|
| 050 |
|
4 |
|a HB501
|b .M538 2022
|
| 082 |
0 |
|
|a 330.122
|2 23
|
| 100 |
1 |
|
|a Midttun, Atle,
|d 1952-
|e author.
|
| 245 |
1 |
0 |
|a Governance and business models for sustainable capitalism /
|c Atle Midttun.
|
| 264 |
|
1 |
|a Abingdon, Oxon :
|b Routledge,
|c 2022.
|
| 300 |
|
|
|a 1 online resource (213 pages).
|
| 336 |
|
|
|a text
|b txt
|2 rdacontent
|
| 337 |
|
|
|a computer
|b c
|2 rdamedia
|
| 338 |
|
|
|a online resource
|b cr
|2 rdacarrier
|
| 490 |
1 |
|
|a Routledge Studies in Management, Organizations, and Society
|
| 588 |
|
|
|a Description based on print version record.
|
| 590 |
|
|
|a Electronic reproduction. Ann Arbor, MI : ProQuest, 2018. Available via World Wide Web. Access may be limited to ProQuest affiliated libraries.
|
| 650 |
|
0 |
|a Capitalism.
|
| 650 |
|
0 |
|a Sustainability.
|
| 650 |
|
0 |
|a Social responsibility of business.
|
| 655 |
|
4 |
|a Electronic books.
|
| 776 |
0 |
8 |
|i Print version:
|a Midttun, Atle.
|t Governance and business models for sustainable capitalism.
|d Abingdon, Oxon : Routledge, c2022
|h 213 pages
|k Routledge studies in management, organizations, and society.
|z 9781138210592
|
| 797 |
2 |
|
|a ProQuest (Firm)
|
| 830 |
|
0 |
|a Management, organizations and society (London, England)
|
| 856 |
4 |
0 |
|u https://ebookcentral.proquest.com/lib/matrademy/detail.action?docID=6809785
|z Click to View
|